Principles of physics (Record no. 64144)

000 -LEADER
fixed length control field 00562nam a22002177a 4500
003 - CONTROL NUMBER IDENTIFIER
control field NUST-PNEC
005 - DATE AND TIME OF LATEST TRANSACTION
control field 20170116180834.0
008 - FIXED-LENGTH DATA ELEMENTS--GENERAL INFORMATION
fixed length control field 140331b xxu||||| |||| 00| 0 eng d
020 ## - INTERNATIONAL STANDARD BOOK NUMBER
International Standard Book Number 0070089868
020 ## - INTERNATIONAL STANDARD BOOK NUMBER
International Standard Book Number 0070088179
020 ## - INTERNATIONAL STANDARD BOOK NUMBER
International Standard Book Number 0071138544
040 ## - CATALOGING SOURCE
Transcribing agency LIBRARY
082 ## - DEWEY DECIMAL CLASSIFICATION NUMBER
Classification number 530 BUE
100 ## - MAIN ENTRY--PERSONAL NAME
9 (RLIN) 10
Personal name Bueche Frederick J.
245 ## - TITLE STATEMENT
Title Principles of physics
Statement of responsibility, etc. Frederick J. Bueche, David A. Jerde
250 ## - EDITION STATEMENT
Edition statement 6th ed.
260 ## - PUBLICATION, DISTRIBUTION, ETC.
Name of publisher, distributor, etc. McGraw Hill
Date of publication, distribution, etc. c.1995
300 ## - PHYSICAL DESCRIPTION
Extent xxii, 905 p. :
Other physical details ill:
Dimensions 24cm
650 ## - SUBJECT ADDED ENTRY--TOPICAL TERM
General subdivision ME
9 (RLIN) 4846
Topical term or geographic name entry element Physics
942 ## - ADDED ENTRY ELEMENTS (KOHA)
Source of classification or shelving scheme
Koha item type Book
Holdings
Withdrawn status Lost status Source of classification or shelving scheme Damaged status Not for loan Permanent Location Current Location Shelving location Date acquired Total Checkouts Full call number Barcode Date last seen Date last checked out Price effective from Koha item type
          Pakistan Navy Engineering College (PNEC) Pakistan Navy Engineering College (PNEC)     1 530 BUE PNECLIB-025749 10/19/2016 09/28/2016   Book
          Pakistan Navy Engineering College (PNEC) Pakistan Navy Engineering College (PNEC)     1 530 BUE PNECLIB-025747 07/28/2016 04/13/2016   Book
          Pakistan Navy Engineering College (PNEC) Pakistan Navy Engineering College (PNEC)     3 530 BUE PNECLIB-025750 11/28/2016 11/28/2016   Book
          Pakistan Navy Engineering College (PNEC) Pakistan Navy Engineering College (PNEC)       530 BUE PNECLIB-025748 08/04/2015     Book
          Pakistan Navy Engineering College (PNEC) Pakistan Navy Engineering College (PNEC)     1 530 BUE PNECLIB-013025 11/17/2016 11/17/2016   Book
          Pakistan Navy Engineering College (PNEC) Pakistan Navy Engineering College (PNEC)       530 BUE PNECLIB-019863 08/10/2015     Book
          Pakistan Navy Engineering College (PNEC) Pakistan Navy Engineering College (PNEC)       530 BUE PNECLIB-019961 08/12/2015     Book
          Pakistan Navy Engineering College (PNEC) Pakistan Navy Engineering College (PNEC)       530 BUE PNECLIB-025751 08/15/2015     Book
          Pakistan Navy Engineering College (PNEC) Pakistan Navy Engineering College (PNEC)       530 BUE PNECLIB-018222 08/17/2015     Book
© 2023 Central Library, National University of Sciences and Technology. All Rights Reserved.